00372 a2200097 4500001001000000005001700010008004100027245009600068100001800164773009200182ART_4507320260410162038.0260409a 10aCaracterísticas de la estructura ocupacional en la Región NEA en el período 2003-20061 aSobol, Blanca0 tRevista de estudios regionales y mercado de trabajog- N° 3 (ene./dic. 2007)wREV44894